000
00315nam a2200145Ia 4500
100
_a
Yegnanarayana/B
942
_c
BK
654
_a
neural networks
245
_a
Artificial neural Networks
260
_b
Prentice Hall of India
_c
1999
082
_a
4.65
_b
YEG
300
_a
461
546
_a
ENGLISH
999
_c
32094
_d
32094